| 000 | 03322nam a22003377a 4500 | ||
|---|---|---|---|
| 001 | TIC 0047 | ||
| 003 | gtcocun | ||
| 005 | 20250922145732.0 | ||
| 006 | a||||gr|||| 00| 0 | ||
| 007 | ta | ||
| 008 | 250922b2024 gt ||||| m||| 00| 0 eng d | ||
| 040 |
_agtcocun _bSPA _cgtcocun _eRDA |
||
| 041 | _aSPA TIC 0047 | ||
| 084 | _0TIC 0047 | ||
| 100 |
_aReyes Laparra, Arbi Uriel _eAutor |
||
| 245 |
_aESTUDIO DE CARACTERÍSTICAS FÍSICAS Y MECÁNICAS DE MATERIAL BALASTO UTILIZADO EN EL MANTENIMIENTO PREVENTIVO Y CORRECTIVO DE CAMINOS DE TERRACERÍA EN EL ÁREA PERIURBANA DE COBÁN ALTA VERAPAZ, PARA DETERMINAR SU USO ÓPTIMO EN LA CAPA DE RODADURA./ _cArbi Uriel Reyes Laparra. _hImpreso |
||
| 264 |
_aCobán, Alta Verapaz: _bUniversidad de San Carlos de Guatemala, Centro Universitario del Norte, Ingeniería Civil _c2024 |
||
| 300 |
_a71 p.: _bIlustraciones, gráficas. _c28 cm; |
||
| 300 | _cPDF | ||
| 336 |
_2rdacontenido _aTexto _btxt |
||
| 337 |
_2rdamedio _aComputadora _bn |
||
| 338 |
_2rdasoporte _aCódigo en línea _bcr |
||
| 502 | _eTIC 0047 | ||
| 502 |
_aTesis de grado _bIngeniería Civil, _cUniversidad de San Carlos de Guatemala, Centro Universitario del Norte, Ingeniería Civil _d2024 _oTIC 0047 |
||
| 520 | 1 | 4 | _aLa capa de rodadura de material balasto de una carretera es la capa diseñada para soportar el tránsito y proporcionar una superficie de conducción más segura. El material balasto se utiliza para el mejoramiento de la capa de rodadura en mantenimiento preventivo y correctivo en las carreteras del área periurbana del departamento de Cobán Alta Verapaz. El balasto es un material de granulometría compuesto de piedra, grava, arena u otros tipos de agregados similares. Se utiliza como base en la construcción de carreteras para proporcionar una base sólida sobre la cual circulara el tránsito vehicular. El material balasto puede requerir diferentes métodos para obtener su optimo estado y proporcionar una superficie que funcione a la perfección. Para ello es necesario realizar lo siguiente: Reparación de baches y grietas: para evitar problemas y daños mayores a la capa de rodadura, estos se pueden solucionar con agregar material balasto y compactarlo de forma adecuada. Se reemplaza el material cuando la capa de rodadura se encuentra deteriorada o contaminada con material no cohesivo, puede ser necesario reemplazar y agregar secciones de balasto. Esto implica extraer el material existente y reemplazarlo con balasto nuevo, y se debe de reemplazar con la compactación y humedad requerida. Compactación: el balasto debe de ser humedecido y compactado adecuadamente para asegurar su resistencia, estabilidad y duración. Se debe utilizar rodos para compactar el material con la humedad necesaria para evitar posibles irregularidades, es importante que la capa de rodadura de balasto tenga un buen sistema de drenaje para evitar la acumulación de agua. |
| 650 | 1 | 4 |
_2LEMB _aCobán, Alta Verapaz. _xIngenieria _xBalasto _xGranulometría _xCompactación _xMantenimiento _xReparación |
| 700 |
_aIng. Jorge Haroldo Dubón Xitumul _eAsesor |
||
| 856 |
_uhttps://drive.google.com/file/d/1PdRkV-ow_bbmRJiJ72oDVpn7K7e6fM4N/view _yPDF _zUn ejemplar en línea. |
||
| 942 |
_2ddc _cTES _iTIC 0047 _kClasificación _n0 _6TIC_0047_000000000000000 |
||
| 999 |
_c2026 _d2026 |
||